[Event "CZE-chT2A 0809"]
[Site "Czech Republic"]
[Date "2009.03.22"]
[Round "10.4"]
[White "Simek, Petr"]
[Black "Blazek, Jiri"]
[Result "1-0"]
[WhiteElo "2322"]
[BlackElo "2205"]
[PlyCount "67"]
[EventDate "2008.10.12"]
[EventType "team-tourn"]
[EventRounds "11"]
[EventCountry "CZE"]
[SourceTitle "EXT 2010"]
[Source "ChessBase"]
[SourceDate "2010.11.25"]
[SourceVersion "1"]
[SourceVersionDate "2010.11.25"]
[SourceQuality "1"]
[WhiteTeam "Ceske Budejovice"]
[BlackTeam "Tabor Sokol"]
[WhiteTeamCountry "CZE"]
[BlackTeamCountry "CZE"]

1. d4 Nf6 2. c4 c5 3. d5 e6 4. Nc3 exd5 5. cxd5 d6 6. e4 g6 7. Nf3 a6 8. h3 b5 9. Bd3 Bg7 10. 0-0 0-0 11. a3 Nbd7 12. Bf4 Ne8 13. Qd2 Bb7 14. b4 Rc8 15. Rac1 Nb6 16. Rfd1 cxb4 17. axb4 Nc4 18. Bxc4 Rxc4 19. e5 Rxb4 20. Re1 Rc4 21. Bg5 f6 22. e6 Qe7 23. Bf4 Nc7 24. Ne4 Rxc1 25. Qxc1 Rd8 26. Qa3 Nxd5 27. Bxd6 Qxe6 28. Nd4 Qd7 29. Bg3 Re8 30. Re2 Nf4 31. Bxf4 Qxd4 32. Nxf6+ Qxf6 33. Rxe8+ Bf8 34. Bh6 1-0

[Event "CZE-chT2A 0809"]
[Site "Czech Republic"]
[Date "2009.01.11"]
[Round "6.4"]
[White "Blazek, Jiri"]
[Black "Dvorak, Jan"]
[Result "1/2-1/2"]
[WhiteElo "2205"]
[BlackElo "2212"]
[PlyCount "154"]
[EventDate "2008.10.12"]
[EventType "team-tourn"]
[EventRounds "11"]
[EventCountry "CZE"]
[SourceTitle "EXT 2010"]
[Source "ChessBase"]
[SourceDate "2010.11.25"]
[SourceVersion "1"]
[SourceVersionDate "2010.11.25"]
[SourceQuality "1"]
[WhiteTeam "Tabor Sokol"]
[BlackTeam "Kobylisy"]
[WhiteTeamCountry "CZE"]
[BlackTeamCountry "CZE"]

1. d4 e6 2. c4 Nf6 3. Nc3 d5 4. cxd5 exd5 5. Bg5 Be7 6. e3 Nbd7 7. Qc2 0-0 8. Bd3 Re8 9. Nf3 Nf8 10. 0-0 c6 11. Rab1 Ne4 12. Bf4 Ng5 13. Nxg5 Bxg5 14. Bg3 h5 15. h3 Ne6 16. b4 a6 17. Na4 Bh4 18. Bxh4 Qxh4 19. Nb6 Rb8 20. a4 Ng5 21. Nxc8 Rbxc8 22. Bf5 Ne6 23. g3 Qf6 24. h4 g6 25. Bh3 Rc7 26. Qd3 g5 27. Qf5 Qxf5 28. Bxf5 gxh4 29. gxh4 Kg7 30. Kh2 Kf6 31. Bd3 Rg8 32. Rg1 Rcc8 33. Rbc1 Rxg1 34. Rxg1 Rh8 35. Kh3 Ke7 36. Rg3 Ra8 37. Rg1 Rh8 38. Ra1 Kd6 39. f4 Re8 40. Rg1 Ke7 41. f5 Nc7 42. Rg3 Kf6 43. Kg2 Rh8 44. Kf3 Ne8 45. Kf4 Ng7 46. Rg5 Re8 47. Bc2 Rd8 48. Bd1 Re8 49. Bc2 Rc8 50. Rg1 Rh8 51. Bd3 Re8 52. Rc1 Rc8 53. b5 axb5 54. axb5 Rc7 55. bxc6 bxc6 56. e4 dxe4 57. Bxe4 Rc8 58. Rc5 Ne8 59. Rxc6+ Rxc6 60. Bxc6 Nd6 61. Be4 Nc4 62. Bd3 Nd6 63. d5 Nb7 64. Be2 Nd6 65. Bd3 Nb7 66. Bb1 Nd6 67. Bc2 Nb7 68. Ke4 Nd6+ 69. Kd4 Nb7 70. Bd3 Nd6 71. Kc5 Ke5 72. Kc6 f6 73. Kc5 Nb7+ 74. Kb6 Nd6 75. Kc6 Nf7 76. Kc5 Nd6 77. Kc6 Nf7 1/2-1/2

[Event "Tabor op"]
[Site "Tabor"]
[Date "2007.07.30"]
[Round "2"]
[White "Blazek, Jiri"]
[Black "Kropik, Jan"]
[Result "1-0"]
[WhiteElo "2205"]
[BlackElo "1999"]
[PlyCount "105"]
[EventDate "2007.07.29"]
[EventType "swiss"]
[EventRounds "9"]
[EventCountry "CZE"]
[SourceTitle "EXT 2009"]
[Source "ChessBase"]
[SourceDate "2008.11.26"]
[SourceVersion "1"]
[SourceVersionDate "2008.11.26"]
[SourceQuality "1"]

1. d4 Nf6 2. c4 e6 3. Nc3 d5 4. cxd5 exd5 5. Bg5 Be7 6. e3 c6 7. Qc2 Nbd7 8. Bd3 h6 9. Bh4 0-0 10. Nf3 Re8 11. 0-0 Ne4 12. Bxe7 Qxe7 13. b4 a6 14. a4 Ndf6 15. Ne5 Qxb4 16. Nxe4 Nxe4 17. Bxe4 dxe4 18. Qxe4 Qe7 19. Qc2 Be6 20. a5 Rac8 21. Rac1 Rc7 22. Qc5 Qxc5 23. Rxc5 Rce7 24. Rc3 Bf5 25. Nc4 Rd8 26. Nb6 Be6 27. h3 f6 28. Rb1 g5 29. Na4 Kg7 30. Nc5 Bc8 31. Rcb3 Rd5 32. Nxb7 Bf5 33. R1b2 Rb5 34. Nd6 Be6 35. Nxb5 Bxb3 36. Nc3 Bc4 37. Rb6 Rc7 38. Ne4 Bb5 39. Nc5 Ra7 40. Kh2 h5 41. h4 Kg6 42. hxg5 Kxg5 43. Kh3 Re7 44. Rb7 Rxb7 45. Nxb7 f5 46. Nc5 Bc4 47. Kg3 h4+ 48. Kh3 Kh5 49. f4 Be2 50. Nd7 Bg4+ 51. Kh2 Be2 52. Ne5 Bb5 53. Kh3 1-0

[Event "CZE-chT2a 0607"]
[Site "Czech Republic"]
[Date "2007.02.11"]
[Round "7.2"]
[White "Kopta, Pavel"]
[Black "Blazek, Jiri"]
[Result "1-0"]
[WhiteElo "2342"]
[BlackElo "2197"]
[PlyCount "74"]
[EventDate "2006.10.15"]
[EventType "team"]
[EventRounds "11"]
[EventCountry "CZE"]
[SourceTitle "EXT 2009"]
[Source "ChessBase"]
[SourceDate "2008.11.26"]
[SourceVersion "1"]
[SourceVersionDate "2008.11.26"]
[SourceQuality "1"]
[WhiteTeam "Kobylisy"]
[BlackTeam "Tabor"]
[WhiteTeamCountry "CZE"]
[BlackTeamCountry "CZE"]

1. d4 Nf6 2. c4 c5 3. d5 b5 4. Nf3 Bb7 5. b3 d6 6. Nbd2 Nbd7 7. e4 b4 8. Bb2 g6 9. Bd3 Bg7 10. Qc2 0-0 11. 0-0 e5 12. dxe6 fxe6 13. e5 dxe5 14. Ne4 Nh5 15. Neg5 Nf4 16. Be4 Bxe4 17. Nxe4 Qe7 18. Rad1 Rf5 19. Rd2 Raf8 20. Rfd1 Nf6 21. Ng3 Nh3+ 22. Kf1 Rxf3 23. gxf3 Nh5 24. Rd7 Qh4 25. Rxg7+ Nxg7 26. Qe4 Qxe4 27. Nxe4 Nf5 28. Bxe5 Nd4 29. Bxd4 Rd8 30. Nxc5 e5 31. Ne6 Rd6 32. Kg2 Rxe6 33. Kxh3 Rd6 34. Kg4 exd4 35. Kf4 Kf7 36. Rd2 Ke6 37. Ke4 Ra6 1-0